| 000 | 01478nam a2200325 i 4500 | ||
|---|---|---|---|
| 001 | 178099 | ||
| 003 | ES-MaACL | ||
| 005 | 20230902140707.0 | ||
| 008 | 110517s2007 sp |||| |dspa d | ||
| 020 | _a978-84-89633-44-5 | ||
| 080 | _a32 Tocqueville, Alexis de (063) | ||
| 080 | _a321.7(063) | ||
| 080 | _a342.721/.722(063) | ||
| 245 | 0 | 0 |
_aAlexis de Tocqueville _b: libertad, igualdad, despotismo / _cJames T. Schleifer ... [et al.] ; editor, Eduardo Nolla ; coordinador, Oscar Elía. |
| 260 |
_a[Madrid] : _bFAES, _c[2007] |
||
| 300 |
_a359 p. : _bil. ; _c22 cm. |
||
| 500 | _aPonencias presentadas en las jornadas "Libertad, igualdad, despotismo: en el bicentenario del nacimiento de Alexis de Tocqueville" organizadas por el Instituto Cánovas del Castillo de la Fundación FAES, Madrid, el 12 y 13 de diciembre de 2005. | ||
| 504 | _aIncluye referencias bibliográficas. | ||
| 600 | 1 | 7 |
_aTocqueville, Alexis de- _vCongresos y asambleas. _9146582 |
| 650 | 7 |
_aDemocracia- _vCongresos y asambleas. _9144589 |
|
| 650 | 7 |
_aIgualdad- _vCongresos y asambleas. _9146583 |
|
| 650 | 7 |
_aLibertad- _vCongresos y asambleas. _9146584 |
|
| 700 | 1 |
_aSchleifer, James T. _9104401 |
|
| 700 | 1 |
_aNolla, Eduardo. _985914 |
|
| 700 | 1 |
_aElía, Oscar. _9146585 |
|
| 710 | 2 |
_aFundación para el Análisis y los Estudios Sociales. _9146586 |
|
| 852 |
_aES-MaACL _9184958 _bR.145467 _jA-11195 _dOlim: N-4199 _cDEPO1 |
||
| 942 |
_2udc _cMONOGRAFIA |
||
| 999 |
_c178099 _d178099 |
||